00569 a2200157 4500010001400000020002600014035001300040037001500053082001100068100001900079245010500098260004200203270008000245300003500325500005100360 aENG-86559 a9788178297156c750.00 aEN-70092 bDBAD / PUB a954.65 aUddin, Sufia M aConstructing Bangladesh :breligion ethnicity and language in an Islamic nation /cby Sufia M. Uddin aNew DelhibVistaar Publicationsc2006 aB1/11, Mohan Cooperative Industrial Area, Mathura Road,bNew Delhie110 044 axxiii, 224pbill.c24cm. (Hb) aIncludes bibliographical references and index